00831nam a2200205 a 4500008004100000020001500041050001600056110005500072245010600127246005300233260003600286300002000322350000900342362012500351650003400476650003400510650003400544650001500578650003200593080417s2006 ||||||||||||||||| || u a9211514096 aUN-ESA(058) aUnited Nations Economic and Social Affairs (UNESA)10aWorld population prospects: the 2004 revisioncby United Nations Economic and Social Affairs [UN-ESA] asex and age distribution of the world population aNew York:bUNITED NATIONSc2006 aci, 195p.: ill. a0.001 a
Vol. I Comprehensive Tables; Vol. II Sex and Age Distribution of the World Population; Vol. III Analytical Report
aSEX DISTRIBUTION (DEMOGRAPHY) aPOPULATION--ANALYTICAL REPORT 0aAGE DISTRIBUTION (DEMOGRAPHY) 0aPOPULATION 0aAFRICA--ECONOMIC CONDITIONS